Aplikácie EPDM kaučuku v bočnicových zmesiach plášťov pre použitie v extrémnych klimatických podmienkach : Obh. 7.6.1994 /

Gespeichert in:
Bibliographische Detailangaben
1. Verfasser: Kvocera, Igor (Verfasst von)
Format: Manuskript Buch
Sprache:Slowakisch
Veröffentlicht: Bratislava : STU v Bratislave ChtF, 1994
Tags: Tag hinzufügen
Keine Tags, Fügen Sie das erste Tag hinzu!

MARC

LEADER 00000ntm a22000003a 4500
001 stu22665
005 20150617225751.4
008 940711s1994----cs------------------slo-d
040 |a STU  |b slo 
041 0 |a slo 
044 |a cs 
100 1 |a Kvocera, Igor  |4 aut 
245 1 |a Aplikácie EPDM kaučuku v bočnicových zmesiach plášťov pre použitie v extrémnych klimatických podmienkach :  |b Obh. 7.6.1994 /  |c [aut.]Kvocera,Igor 
260 |a Bratislava :  |b STU v Bratislave ChtF,  |c 1994 
300 |a 66 s :  |b Tab.,grafy,lit 
500 |a Špec.:Technol.výroby a spracovania polymérov 
996 |b CD11774  |c C*D11774  |l CCI  |s A  |a 24  |w stu22665_0001